<?xml version="1.0" encoding="UTF-8"?>
<record
    xmlns:xsi="http://www.w3.org/2001/XMLSchema-instance"
    xsi:schemaLocation="http://www.loc.gov/MARC21/slim http://www.loc.gov/standards/marcxml/schema/MARC21slim.xsd"
    xmlns="http://www.loc.gov/MARC21/slim">

  <leader>00789nam a22002057a 4500</leader>
  <datafield tag="999" ind1=" " ind2=" ">
    <subfield code="c">63744</subfield>
    <subfield code="d">63744</subfield>
  </datafield>
  <controlfield tag="005">20240530110656.0</controlfield>
  <controlfield tag="008">171221s1994    ua fk  e      000 0 ara d</controlfield>
  <datafield tag="040" ind1=" " ind2=" ">
    <subfield code="a">EG-CaGPL</subfield>
  </datafield>
  <datafield tag="082" ind1="0" ind2="4">
    <subfield code="2">21</subfield>
    <subfield code="a">708.962/</subfield>
    <subfield code="b">&#x62D; &#x642;</subfield>
  </datafield>
  <datafield tag="100" ind1="0" ind2=" ">
    <subfield code="a">&#x62D;&#x633;&#x646; &#x639;&#x62B;&#x645;&#x627;&#x646; </subfield>
  </datafield>
  <datafield tag="245" ind1="1" ind2="2">
    <subfield code="a">&#x627;&#x644;&#x642;&#x627;&#x647;&#x631;&#x629; &#x641;&#x64A; &#x628;&#x627;&#x631;&#x64A;&#x633; :</subfield>
    <subfield code="b">&#x627;&#x639;&#x645;&#x627;&#x644; &#x645;&#x646;&#x633;&#x64A;&#x629; &#x645;&#x646; &#x627;&#x644;&#x642;&#x631;&#x646; &#x627;&#x644;&#x62A;&#x627;&#x633;&#x639; &#x639;&#x634;&#x631; /</subfield>
    <subfield code="c">&#x62D;&#x633;&#x646; &#x639;&#x62B;&#x645;&#x627;&#x646; .</subfield>
  </datafield>
  <datafield tag="260" ind1=" " ind2=" ">
    <subfield code="a">&#x627;&#x644;&#x642;&#x627;&#x647;&#x631;&#x629; :</subfield>
    <subfield code="b">&#x627;&#x644;&#x647;&#x64A;&#x626;&#x629; &#x627;&#x644;&#x645;&#x635;&#x631;&#x64A;&#x629; &#x627;&#x644;&#x639;&#x627;&#x645;&#x629; &#x644;&#x644;&#x643;&#x62A;&#x627;&#x628; &#x60C;</subfield>
    <subfield code="c">1994 .</subfield>
  </datafield>
  <datafield tag="300" ind1=" " ind2=" ">
    <subfield code="a">213 &#x635; :</subfield>
    <subfield code="b">&#x627;&#x64A;&#x636; &#x61B;</subfield>
    <subfield code="c">30 &#x633;&#x645;</subfield>
  </datafield>
  <datafield tag="650" ind1="0" ind2="7">
    <subfield code="2">qrmak</subfield>
    <subfield code="a">&#x627;&#x644;&#x641;&#x646;&#x648;&#x646; &#x627;&#x644;&#x62A;&#x634;&#x643;&#x64A;&#x644;&#x64A;&#x629; </subfield>
  </datafield>
  <datafield tag="650" ind1="0" ind2="7">
    <subfield code="2">qrmak</subfield>
    <subfield code="a">&#x62A;&#x631;&#x645;&#x64A;&#x645; &#x627;&#x644;&#x627;&#x62B;&#x627;&#x631; </subfield>
  </datafield>
  <datafield tag="653" ind1="0" ind2="4">
    <subfield code="a">&#x645;&#x62A;&#x62D;&#x641; &#x645;&#x62D;&#x62F; &#x645;&#x62D;&#x645;&#x648;&#x62F; &#x62E;&#x644;&#x64A;&#x644;</subfield>
  </datafield>
  <datafield tag="653" ind1="0" ind2="4">
    <subfield code="a">&#x645;&#x62A;&#x62D;&#x641; &#x642;&#x635;&#x631; &#x627;&#x644;&#x645;&#x646;&#x64A;&#x644; </subfield>
  </datafield>
  <datafield tag="942" ind1=" " ind2=" ">
    <subfield code="2">ddc</subfield>
    <subfield code="c">BK</subfield>
  </datafield>
  <datafield tag="952" ind1=" " ind2=" ">
    <subfield code="0">0</subfield>
    <subfield code="1">0</subfield>
    <subfield code="4">0</subfield>
    <subfield code="7">0</subfield>
    <subfield code="a">CIVIL</subfield>
    <subfield code="b">CIVIL</subfield>
    <subfield code="d">2017-12-21</subfield>
    <subfield code="l">0</subfield>
    <subfield code="o">708.962/ &#x62D; &#x642;</subfield>
    <subfield code="p">163854</subfield>
    <subfield code="r">2017-12-21 00:00:00</subfield>
    <subfield code="w">2017-12-21</subfield>
    <subfield code="y">BK</subfield>
  </datafield>
</record>
